| 000 | 01558cam a2200385 a 4500 | ||
|---|---|---|---|
| 001 | 14700406 | ||
| 005 | 20170105102849.0 | ||
| 008 | 070117s2007 nyua b 001 0 eng | ||
| 010 | _a 2007060083 | ||
| 015 |
_aGBA756001 _2bnb |
||
| 016 | 7 |
_a013795552 _2Uk |
|
| 020 | _a9781403984494 | ||
| 020 | _a1403984492 | ||
| 035 | _a(OCoLC)ocm82368066 | ||
| 035 |
_a(OCoLC)82368066 _z(OCoLC)156891204 |
||
| 040 |
_aDLC _cDLC _dBAKER _dBTCTA _dC#P _dUKM _dYDXCP _dDLC |
||
| 050 | 0 | 0 |
_aJC311 _b.W656 2007 |
| 082 | 0 | 0 |
_a320.54 _222 |
| 100 | 1 | _aWoodwell, Douglas. | |
| 245 | 1 | 0 |
_aNationalism in international relations : _bnorms, foreign policy, and enmity / _cDouglas Woodwell. |
| 250 | _a1st ed. | ||
| 260 |
_aNew York : _bPalgrave Macmillan, _c2007. |
||
| 300 |
_a223 p. : _bill. ; _c25 cm. |
||
| 440 | 0 | _aAdvances in foreign policy analysis | |
| 504 | _aIncludes bibliographical references (p. [211]-217) and index. | ||
| 650 | 0 | _aNationalism. | |
| 650 | 0 | _aTransborder ethnic groups. | |
| 650 | 0 | _aInternational relations. | |
| 856 | 4 | 2 |
_3Contributor biographical information _uhttp://www.loc.gov/catdir/enhancements/fy0709/2007060083-b.html |
| 856 | 4 | 2 |
_3Publisher description _uhttp://www.loc.gov/catdir/enhancements/fy0709/2007060083-d.html |
| 856 | 4 | 1 |
_3Table of contents only _uhttp://www.loc.gov/catdir/enhancements/fy0709/2007060083-t.html |
| 906 |
_a7 _bcbc _corignew _d1 _eocip _f20 _gy-gencatlg |
||
| 942 |
_2ddc _cBK |
||
| 999 |
_c14174 _d14174 |
||